| 000 | 01826cjm a2200373 i 4500 | ||
|---|---|---|---|
| 999 |
_c200458855 _d77067 |
||
| 001 | 1048011145 | ||
| 003 | TR-AnTOB | ||
| 005 | 20231128150140.0 | ||
| 006 | j||||gr|||| 00| | ||
| 007 | sd fu|gnn|m|ed | ||
| 008 | 180808s2017 enkmunne n eng d | ||
| 040 |
_aTR-AnTOB _beng _erda _cTR-AnTOB |
||
| 041 | _atur | ||
| 050 | 4 |
_aML1351.T8 _bM44 2017 |
|
| 090 |
_aAV ML1351.T8 _bM44 2017 |
||
| 245 | 0 | 0 |
_aMehter musikisi : _bmehter marşları ve serhat türküleri / _cSanat yönetmeni M.İhsan Özer. |
| 264 | 1 |
_aAnkara : _bT.C. Kültür ve Turizm Bakanlığı, _c2017. |
|
| 300 |
_a18 pages : _bCD audio, digital ; _c20 cm + _e1 audio disc (digital ; 4 3/4 in.) |
||
| 336 |
_aperformed music _bprm _2rdacontent |
||
| 336 |
_ametin _btxt _2rdacontent |
||
| 337 |
_aaudio _bs _2rdamedia |
||
| 337 |
_aunmediated _2rdamedia _bn |
||
| 338 |
_aaudio disc _bsd _2rdacarrier |
||
| 338 |
_avolume _2rdacarrier _bnc |
||
| 340 | _b4 3/4 in | ||
| 344 |
_adigital _boptical _c1.4 m/s _2rda |
||
| 347 |
_aaudio file _bCD audio _2rda |
||
| 505 | 0 | 0 |
_aDisc 1. _tMehter marşı _tDevlet marşı _tEski ordu marşı _tFatih marşı _tOrdunun duası marşı _tSancak marşı _tTürk kavminin marşı _tTürk'ün ilahisi _tCihad ekber marşı _tMehter marşı _tOrdunun duası _tTarihi çevir marşı _tŞehzade Sultan Süleyman marşı _tGenç Osman türküsü _tCeng-i Harbi |
| 505 | 0 | 0 |
_aDisc 2. _tRumeli türküsü _tRumeli türküsü _tSerhat türküsü _tPlevne marşı _tRumeli türküsü _tRumeli türküsü _tRumeli türküsü _tSivastopol marşı _tTürkü (Mahur) _tSerhat türküsü _tErzurum türküsü _tKastamonu türküsü _tRumeli türküsü _tKars Iğdır türküsü _tHarp türküsü _tKayseri Bünyan cirit havası |
| 650 | 7 |
_aMüzik _zTürkiye _2etuturkob _913012 |
|
| 700 | 1 |
_aÖzer, İhsan _9142615 |
|
| 942 |
_2lcc _cMU |
||